Giai cấp công nhân Việt Nam thời kỳ 1936-1939

Sự phát triển kinh tế, những điều kiện lao động và sinh sống của giai cấp công nhân. Đời sống của các tầng lớp lao động khác; Việc thực hiện nhiệm vụ xây dựng Mặt trận dân chủ và phong trào đấu tranh của giai cấp công nhân

Сохранить в:
Библиографические подробности
Главный автор: Cao Văn Biền
Формат:
Язык:Vietnamese
Опубликовано: H. Khoa học xã hội 1979
Предметы:
Метки: Добавить метку
Нет меток, Требуется 1-ая метка записи!
Thư viện lưu trữ: Mạng thư viện Đại học Đà Nẵng
LEADER 01512nam a2200373 4500
001 000007318
003 3479
005 20111003091001.0
008 110928s1979 viesd
020 |c 10000đ 
041 0 |a vie 
082 |a 305.5  |b CA-B 
100 0 |a Cao Văn Biền 
245 0 |a Giai cấp công nhân Việt Nam thời kỳ 1936-1939  |c Cao Văn Biền 
260 |a H.  |b Khoa học xã hội  |c 1979 
300 |a 394 tr  |c 19 cm 
500 |a ĐTTS ghi: Uy ban KHXH Việt Nam. Viện sử học 
520 |a Sự phát triển kinh tế, những điều kiện lao động và sinh sống của giai cấp công nhân. Đời sống của các tầng lớp lao động khác; Việc thực hiện nhiệm vụ xây dựng Mặt trận dân chủ và phong trào đấu tranh của giai cấp công nhân 
653 |a Giai cấp công nhân 
653 |a Mặt trận dân chủ 
653 |a Việt Nam 
653 |a lịch sử hiện đại 
700 |a Cao Văn Biền 
910 |a Nguyễn Thị Kim Oanh  |d 28/09/2011 
OWN |a LSP 
AVA |a UDN50  |b LSP  |d 305.5 CA-B  |e unavailable  |t Error 5002 Not defined in file expand_doc_bib_avail.  |f 1  |g 1  |h N  |i 0  |k 1 
999 |a From the UDN01 
AVA |a UDN50  |b LSP  |d 305.5 CA-B  |e unavailable  |t Error 5002 Not defined in file expand_doc_bib_avail.  |f 1  |g 1  |h N  |i 0  |k 1 
TYP |a Monograph 
TYP |a Printed language 
980 |a Mạng thư viện Đại học Đà Nẵng